000 00747nam a22002177a 4500
003 OSt
005 20260306031339.0
008 260306b |||||||| |||| 00| 0 eng d
020 _a9789715103459
040 _aDWCL - Main Lib.
_cOC
082 _aSC 922 T153i 2026
100 _aTamongdong, Susan D.
245 _aIn the footsteps of grace:
_bmy life's journey with Fr. Bates /
_cSusan D. Tamongdong
260 _aManila :
_bLogos Publications,
_cc2026.
300 _a181 pages :
_bcolored illustrations ;
_c23cm.
504 _aIncludes index.
650 _a1. Bates, Father -- Biography.
650 _a2. Spiritual life -- Catholic church -- Personal narratives.
650 _a3. Tamondong, Susan D. -- Biography.
942 _2ddc
_cSC
_n0
999 _c8669
_d8669